[Event "T Nagar FIDE"]
[Site "Chennai"]
[Date "1999.11.19"]
[Round "9"]
[White "Visweswaran, Kameswaran"]
[Black "Kasi, AL."]
[Result "1-0"]
[WhiteElo "2282"]
[BlackElo "2192"]
[PlyCount "77"]
[EventDate "1999.11.15"]
[EventType "swiss"]
[EventRounds "9"]
[EventCountry "IND"]
[SourceTitle "EXT 2002"]
[Source "ChessBase"]
[SourceDate "2001.11.25"]
[SourceVersion "1"]
[SourceVersionDate "2001.11.25"]
[SourceQuality "1"]

1. e4 e5 2. Nf3 Nc6 3. Bb5 a6 4. Bxc6 dxc6 5. 0-0 f6 6. d4 exd4 7. Nxd4 c5 8. Nb3 Qxd1 9. Rxd1 Bd7 10. Bf4 0-0-0 11. Nc3 Ne7 12. Nxc5 Ng6 13. Nxd7 Nxf4 14. Nxf8 Rhxf8 15. g3 Ne6 16. Rxd8+ Rxd8 17. Rd1 Rxd1+ 18. Nxd1 Kd7 19. Kf1 Kd6 20. Ke2 Kc5 21. Kd3 a5 22. Ne3 c6 23. f4 b5 24. h4 h5 25. Nf5 a4 26. c3 g6 27. Nd4 Nd8 28. b3 axb3 29. axb3 b4 30. cxb4+ Kxb4 31. e5 fxe5 32. fxe5 c5 33. e6 Nb7 34. e7 Nd6 35. Ne6 Kxb3 36. Nxc5+ Kb4 37. Ne4 Ne8 38. Kd4 Kb5 39. Kd5 1-0

[Event "Madras"]
[Site "Madras"]
[Date "1997.??.??"]
[Round "7"]
[White "Kasi, AL."]
[Black "Shankar, A."]
[Result "1/2-1/2"]
[WhiteElo "2190"]
[BlackElo "2240"]
[PlyCount "145"]
[EventDate "1997.??.??"]
[EventType "tourn"]
[EventRounds "12"]
[EventCountry "IND"]
[SourceTitle "EXT 2000"]
[Source "ChessBase"]
[SourceDate "1999.11.16"]
[SourceVersion "1"]
[SourceVersionDate "1999.11.16"]
[SourceQuality "1"]

1. e4 c5 2. d4 cxd4 3. c3 Nf6 4. e5 Nd5 5. Nf3 e6 6. cxd4 d6 7. Nc3 Nxc3 8. bxc3 Nc6 9. Bb5 Bd7 10. 0-0 Be7 11. exd6 Bxd6 12. d5 Ne7 13. Bxd7+ Qxd7 14. dxe6 fxe6 15. c4 0-0-0 16. Be3 Kb8 17. Qb3 Nf5 18. c5 Nxe3 19. fxe3 Bxc5 20. Ne5 Qd5 21. Nf7 Qxb3 22. axb3 Bxe3+ 23. Kh1 Rhf8 24. Nxd8 Rxd8 25. Rfe1 Bg5 26. Rxe6 Bf6 27. Rae1 a5 28. Re8 Rxe8 29. Rxe8+ Ka7 30. Kg1 Ka6 31. Kf2 Kb5 32. Re4 Kc5 33. Ke3 b5 34. Kd3 Kd5 35. Re8 Kc5 36. Rc8+ Kb4 37. Kc2 Ka3 38. Rb8 Kb4 39. h3 Be5 40. Rb7 Bf6 41. g4 h6 42. Kd3 Kc5 43. Rb8 Be5 44. Re8 Bf6 45. Re4 Kd5 46. Rf4 Kc5 47. Ke2 Bg5 48. Re4 Bf6 49. Kf3 Kd5 50. Re8 Kc5 51. Ke4 Kb4 52. Rb8 Kc5 53. Rb7 a4 54. bxa4 bxa4 55. Ra7 Kb4 56. Kd3 a3 57. Kc2 Bb2 58. Re7 Kc4 59. Re4+ Bd4 60. Kb1 Kd3 61. Re6 Bb2 62. Ka2 Kc2 63. h4 Kc3 64. g5 hxg5 65. hxg5 Kd4 66. Re8 Kc4 67. Rd8 Kb4 68. Rc8 Be5 69. Rc2 Bb2 70. Rc7 Kb5 71. Kb3 Kb6 72. Rxg7 Bxg7 73. Kxa3 1/2-1/2

[Event "Madras"]
[Site "Madras"]
[Date "1997.??.??"]
[Round "2"]
[White "Murali Krishnan, BT."]
[Black "Kasi, AL."]
[Result "1/2-1/2"]
[WhiteElo "2260"]
[BlackElo "2190"]
[PlyCount "30"]
[EventDate "1997.??.??"]
[EventType "tourn"]
[EventRounds "12"]
[EventCountry "IND"]
[SourceTitle "EXT 2000"]
[Source "ChessBase"]
[SourceDate "1999.11.16"]
[SourceVersion "1"]
[SourceVersionDate "1999.11.16"]
[SourceQuality "1"]

1. d4 d5 2. c4 c6 3. Nf3 Nf6 4. Nc3 e6 5. Bg5 h6 6. Bxf6 Qxf6 7. e3 Nd7 8. Qc2 Bb4 9. cxd5 exd5 10. Bd3 0-0 11. 0-0 Re8 12. a3 Bxc3 13. Qxc3 Nf8 14. b4 a6 15. a4 Bf5 1/2-1/2